000 00856nas a2200289 454500
001 IICA0700854
003 BR-BrBNA
005 20260323111544.0
007 ta
008 260323b bl.|||p| |||| 00| 00por d
040 _aBR-BrBNA
_bpor
_cBiblioteca Nacional de Agricultura
041 _a(Es)
072 _aK10
100 1 _aMilla, F.
100 1 _aCancino, J.
100 1 _aEmanuelli, p.
245 1 _aMétodo marco CEM: procedimiento alternativo para determinar el factor de conversión de metro ruma a volumen sólido
300 _av. 45(1-2) p. 57-63
650 _aTORA
650 _aMADEIRA ROLICA
650 _aMEDICAO
650 _aARMAZENAMENTO
650 _aVOLUME
773 0 _tTURRIALBA (IICA)
_X0041-4360
_g(Jan-Jun 1995), v. 45(1-2) p. 57-63
_wIICA0700854
909 _a202603
_bLúcia
_c55
_dLúcia Elande
942 _2IICA
_n0
_cANA
999 _c340845
_d340845